Chicken soup for little souls. (Record no. 7794)
[ view plain ]
| 000 -LEADER | |
|---|---|
| fixed length control field | 01822cam a2200409 a 4500 |
| 001 - CONTROL NUMBER | |
| control field | 3071731 |
| 003 - CONTROL NUMBER IDENTIFIER | |
| control field | OSt |
| 005 - DATE AND TIME OF LATEST TRANSACTION | |
| control field | 20160727142334.0 |
| 008 - FIXED-LENGTH DATA ELEMENTS--GENERAL INFORMATION | |
| fixed length control field | 970728s1998 flua j 000 1 eng |
| 010 ## - LIBRARY OF CONGRESS CONTROL NUMBER | |
| LC control number | 97030377 |
| 020 ## - INTERNATIONAL STANDARD BOOK NUMBER | |
| International Standard Book Number | 1558745548 (hardcover) |
| 040 ## - CATALOGING SOURCE | |
| Original cataloging agency | DLC |
| Transcribing agency | DLC |
| Modifying agency | DLC |
| 042 ## - AUTHENTICATION CODE | |
| Authentication code | lcac |
| 050 00 - LIBRARY OF CONGRESS CALL NUMBER | |
| Classification number | PZ 7 |
| Item number | .M478 1998 |
| 082 00 - DEWEY DECIMAL CLASSIFICATION NUMBER | |
| Classification number | KF |
| Item number | M13cb 1998 |
| 100 1# - MAIN ENTRY--PERSONAL NAME | |
| Personal name | McCourt, Lisa. |
| 9 (RLIN) | 3979 |
| 245 10 - TITLE STATEMENT | |
| Title | Chicken soup for little souls. |
| Name of part/section of a work | The Braids girl / |
| Statement of responsibility, etc | story by Lisa McCourt ; illustrated by Tim Ladwig. |
| 246 30 - VARYING FORM OF TITLE | |
| Title proper/short title | Braids girl |
| 260 ## - PUBLICATION, DISTRIBUTION, ETC. (IMPRINT) | |
| Place of publication, distribution, etc | Deerfield Beach, FL. : |
| Name of publisher, distributor, etc | Health Communications, |
| Date of publication, distribution, etc | c1998. |
| 300 ## - PHYSICAL DESCRIPTION | |
| Extent | 1 v. (unpaged) : |
| Other physical details | col. ill. ; |
| Dimensions | 30 cm. |
| 500 ## - GENERAL NOTE | |
| General note | "Based on the ... best-selling series Chicken soup for the soul by Jack Canfield and Mark Victor Hansen." |
| 520 ## - SUMMARY, ETC. | |
| Summary, etc | While helping Grandpa Mike do volunteer work at a shelter for less fortunate people, Izzy tries to figure out the best way to help a girl her own age who is staying there. |
| 650 #1 - SUBJECT ADDED ENTRY--TOPICAL TERM | |
| Topical term or geographic name as entry element | Homeless persons |
| General subdivision | Fiction. |
| 9 (RLIN) | 4031 |
| 650 #1 - SUBJECT ADDED ENTRY--TOPICAL TERM | |
| Topical term or geographic name as entry element | Poverty |
| General subdivision | Fiction. |
| 9 (RLIN) | 4032 |
| 650 #1 - SUBJECT ADDED ENTRY--TOPICAL TERM | |
| Topical term or geographic name as entry element | Voluntarism |
| General subdivision | Fiction. |
| 9 (RLIN) | 4033 |
| 650 #1 - SUBJECT ADDED ENTRY--TOPICAL TERM | |
| Topical term or geographic name as entry element | Friendship |
| General subdivision | Fiction. |
| 9 (RLIN) | 4034 |
| 700 1# - ADDED ENTRY--PERSONAL NAME | |
| Personal name | Ladwig, Tim, |
| Relator term | ill. |
| 9 (RLIN) | 4035 |
| 700 1# - ADDED ENTRY--PERSONAL NAME | |
| Personal name | Hansen, Mark Victor. |
| 9 (RLIN) | 3985 |
| 700 1# - ADDED ENTRY--PERSONAL NAME | |
| Personal name | Canfield, Jack, |
| Dates associated with a name | 1944- |
| Title of a work | Chicken soup for the soul. |
| 9 (RLIN) | 4036 |
| 856 42 - ELECTRONIC LOCATION AND ACCESS | |
| Materials specified | Publisher description |
| Uniform Resource Identifier | <a href="http://www.loc.gov/catdir/enhancements/fy0727/97030377-d.html">http://www.loc.gov/catdir/enhancements/fy0727/97030377-d.html</a> |
| 856 42 - ELECTRONIC LOCATION AND ACCESS | |
| Materials specified | Contributor biographical information |
| Uniform Resource Identifier | <a href="http://www.loc.gov/catdir/enhancements/fy0735/97030377-b.html">http://www.loc.gov/catdir/enhancements/fy0735/97030377-b.html</a> |
| 856 41 - ELECTRONIC LOCATION AND ACCESS | |
| Materials specified | Sample text |
| Uniform Resource Identifier | <a href="http://www.loc.gov/catdir/enhancements/fy0827/97030377-s.html">http://www.loc.gov/catdir/enhancements/fy0827/97030377-s.html</a> |
| 906 ## - LOCAL DATA ELEMENT F, LDF (RLIN) | |
| a | 7 |
| b | cbc |
| c | orignew |
| d | 1 |
| e | ocip |
| f | 19 |
| g | y-gencatlg |
| 942 ## - ADDED ENTRY ELEMENTS (KOHA) | |
| Source of classification or shelving scheme | Library of Congress Classification |
| Koha item type | Books |
| Withdrawn status | Lost status | Source of classification or shelving scheme | Damaged status | Home library | Current library | Shelving location | Date acquired | Source of acquisition | Total Checkouts | Full call number | Barcode | Date last seen | Date checked out | Copy number | Price effective from | Koha item type |
|---|---|---|---|---|---|---|---|---|---|---|---|---|---|---|---|---|
| Library of Congress Classification | Luxembourg Library | Luxembourg Library | Kids Fiction Section | 07/25/2013 | Donation | 2 | PZ 7 .M478br 1998 | 8654 | 06/24/2024 | 06/14/2024 | 1 | 07/25/2013 | Books |